000 00540nam a2200217 a 4500
001 0001-2113
003 ELIB.Books
008 190723 2010 eng
020 _a0913367125
092 _a248.4
_bLuc
100 _aLucado, Max.
245 _aIn the Eye of the Storm
260 _aLondon
_bWord Publishing
_c1991
300 _a292
_c21cm
650 _aChristian Life
856 _nKBTS Library
_uKBTS Elib
942 _2ddc
_cBK
990 _a1
998 _aEnglishbooks.elf
_ccat
_e2019-07-23
999 _c12113
_d12113